Quizzes
Events
Quiz Creation
Community
Videos
Private Events
Remove Ads
Sign In
Join for FREE
Feedback
Dark Mode
Quiz Categories
Sports
Geography
Music
Movies
Television
Just For Fun
Miscellaneous
History
Literature
Language
Science
Gaming
Entertainment
Religion
Holiday
For Kids
Quiz Lab
Recent
Popular Today
Quiz Kudos Today
Editor Picks
Curator Picks
Quizzes by...
Day
Popularity
Type
Ratings
Length
Year
Community
Subscriptions
Recent Discussions
Orange Saloon
Badges
Playlists
Quests
Create
Leaderboards
Showdown
Live 5
Trivia Bingo
Activity
Puzzle Library
Sporcle Events
Private Events
Virtual Trivia
Globe League
Become a Host
Pub Owners
SporcleCon
Opinionation
Our Games
Videos
Blog
Mobile Apps
Partnerships
Remove Ads and Go Orange
Feedback
Music
Pop Music
The Beatles
Song
Album
Lyrics
Bands
Singers
Artist
Clip
Rock
Rap
Classical
Billboard
Country Music
Kpop
Taylor Swift
Music
Pop Music
The Beatles
Song
Album
Lyrics
Bands
Singers
Artist
Clip
Rock
Rap
Classical
Billboard
Country Music
Kpop
Taylor Swift
Random Quiz
Search Sporcle
×
Quiz Lab
Quiz Lab
Music
Lyrics
Type in answers that appear in a list
Type in answers that appear in a list
Classic
Best Score? Go Orange.
Verse 2: End of the World As We Know It Stats
Can you name the lyrics in the second verse of R.E.M.'s 'It's the End of the World As We Know It'?
By
Davidmon5
4m
108 Questions
49 Plays
49 Plays
49 Plays
Comments
Comments
Give Quiz Kudos
Give Quiz Kudos
-
- Ratings
hide this ad
More Info
Replay
Link that replays current quiz
Next Quiz
Link to next quiz in quiz playlist
You Got
0%
They Got
Avg Score
80%
Avg Friend Score
Upgrade to see
Score Distribution
Jump to the score distribution portion of the page
Score
0/108
Timer
04:00
0
Plays Today
lyrics
% Correct
and
100%
and
100%
a
100%
a
100%
a
100%
and
100%
A
100%
a
100%
a
100%
of
100%
and
100%
I
100%
the
100%
of
100%
the
100%
the
100%
of
100%
the
100%
the
100%
of
100%
the
100%
and
100%
I
100%
end
98%
world
98%
we
98%
it.
98%
end
98%
world
98%
we
98%
it.
98%
end
98%
world
98%
we
98%
it,
98%
It's
95.9%
lyrics
% Correct
as
95.9%
know
95.9%
It's
95.9%
as
95.9%
know
95.9%
It's
95.9%
as
95.9%
know
95.9%
feel
91.8%
fine.
91.8%
in
79.6%
in
79.6%
decline!
79.6%
to
77.6%
get
75.5%
me
75.5%
me
75.5%
Don't
73.5%
burn,
73.5%
Light
73.5%
candle,
73.5%
light
73.5%
no
73.5%
Six
71.4%
o'clock,
71.4%
TV
71.4%
hour.
71.4%
caught
71.4%
listen
71.4%
Uh-oh,
71.4%
clear!
71.4%
Offer
71.4%
offer
71.4%
return,
69.4%
Step
69.4%
down,
69.4%
lyrics
% Correct
step
69.4%
down.
69.4%
steer
69.4%
solutions,
69.4%
tower.
67.3%
Slash
67.3%
yourself
67.3%
churn.
67.3%
this
67.3%
tournament,
67.3%
tournament,
67.3%
tournament
67.3%
lies!
67.3%
alternatives
67.3%
book
65.3%
crush,
65.3%
crush.
65.3%
Renegade
65.3%
foreign
63.3%
motive
63.3%
Watch
63.3%
means
63.3%
fear -
63.3%
cavalier.
63.3%
burning,
61.2%
Automotive
61.2%
incinerate.
61.2%
uniform
59.2%
heel
59.2%
blood
57.1%
letting.
57.1%
Every
57.1%
escalate.
57.1%
Lock
53.1%
votive.
36.7%
him
34.7%
Quiz Playlist
Details
Report
Send in Message
Add To Playlist
More Info:
Song has 344 words and had to be divided into three verses. To go to the third verse, click the Source link below.
Classic:
Type in answers that appear in a list
Quiz Source
Last Updated: Feb 16, 2017
Quiz Scoreboard
CHALLENGE
Sign Up to Join the Scoreboard
Show All
Scores
Hide
Comments
May contain spoilers
Recently Published
TV Characters by Other Roles V
by ghcgh
Television
5m
Decade Duel: World Leaders
by jenniferyan
History
4m
Alphabetical 'K' Countries by Flag Minefield
by ylime102
Geography
3m
More to Explore
Quiz From the Vault
Featured Blog Post
15 Basketball Trivia Facts You Can Be March Mad About
hide this ad
You Might Also Like...
Tags
Lyrics Quiz
Alternative
Alternative Music
Today's Top Quizzes in Music
Browse Music
hide this ad
Today's Top Quizzes in Lyrics
Browse Lyrics
Top Contributed Quizzes in Music
1
Taylor Swift All Songs (2024)
2
Decade Duel: Singer
3
Taylor Swift Logic Puzzle
4
KPOP LOGIC QUIZ
5
Guess the Taylor Swift song (Mystery Song)
6
Guess The Taylor Swift Lyrics Song #1
7
A Taylor Swift Logic Puzzle
8
kpop group name match up
9
2 word kpop group match
10
Madness Songs By Image
Explore More
Trending Topics
Crossword
Anime
Kpop
Disney
Harry Potter
Marvel
NBA
Puzzle
Soccer
The Office
Country
Pokémon
WWE
NFL
Song
hide this ad
More By:
Davidmon5
Quiz
Plays
Rating
Category
Featured
Created
2011 NBA All-Stars
4,670
4.56
Sports
Feb 4, 2011
Famous Sex Scandals
4,400
4.36
Entertainment
Jan 9, 2011
Relocated NBA Franchises (Hard)
3,093
4.45
Sports
Jan 8, 2011
Most Common Spanish Surnames by Country
2,394
4.45
Language
Jan 6, 2011
What're the Odds?
1,331
4.48
Science
Jan 10, 2011
Go to Creator's Profile
Score Distribution
Quiz Creator Spotlight
Davidmon5
Follow
Send a Message
Quizzes Created
-
Created Quiz Play Count
-
More By This Creator
Popular Quizzes Today
1
Countries of Asia Without Outlines Minefield
2
Find the US States - No Outlines Minefield
3
Pick 6: Fruits
4
The Countries of the World
5
Find the Countries of Europe - No Outlines Minefield
6
Alphabetical 'K' Countries by Flag Minefield
7
US States
8
Find the US States
More Music Quizzes
Quick Pick: Fleetwood Mac Albums
Quiz Lab
Trending Quizzes
Pick 6: Mountains
Pick 6: Harry Potter
Pick 6: Flags
Pick 6: NFL Teams
C Names for Actors
Recently Updated
Adaptations: Name the Title
pecheneg
NWSL Teams
pecheneg
Women's Final Four Teams by Year
bhenderson79
Presidents Quartet II
eogle
Anything But Clue(do)
eogle
Anything But Oceanian Capitals
eogle
Anything But 7
eogle
Anything But Thing
eogle
Word Ladder: February 29
pecheneg
Song Title Questions
pecheneg
Trending Topics
Marvel
NBA
Anime
Harry Potter
Kpop
Disney
Crossword
Puzzle
NFL
The Office
Soccer
Pokémon
WWE
Country
Song
Your Account Isn't Verified!
In order to create a playlist on Sporcle, you need to verify the email address you used during registration. Go to your
Sporcle Settings
to finish the process.
Report this User
Report this user for behavior that violates our
Community Guidelines
.
Details:
Send Report
Go to the Sporcle.com Mobile Site →
Comments